000 01914cam a22003615a 4500
001 L142803
002 16996
008 080311s2007 xxk f 001 0 eng d
020 _a9780728205123
035 _a(Sirsi) u142803
041 0 _aeng
050 0 4 _a549.66 $2 18
100 1 _aSanderson, William J. H.
245 0 0 _aAsbestos for surveyors
250 _a2nd ed.
260 _aLondon
_bEG Books
_c2007
300 _axviii, 201p.
_bill.
_c22cm.
505 2 _aLegislation on asbestos -- training for asbestos surveyors -- Accreditation -- Asbestos sources and properties -- Applications of asbestos in buildings -- Survey types and purposes -- Preparation and conduct of surveys -- Type 3 surveys -- Sampling techniques and strategies -- Material risk assessments and management prioritisation -- Analysis of samples -- Reports and registers -- Asbestos management plans -- Professional matters
520 _aThis concise book provides practical assistance to surveyors, including technical information on asbestos, training and accreditation, and procedures for conducting surveys for asbestos. Describes where asbestos materials were used in buildings and for what purposes. This second edition has been updated to include the Control of Asbestos Regulations 2006. Bibliography.
520 _aSupersedes first edition (ISBN 0728204525).
521 2 _aAdvanced
590 _aKA
650 2 4 _aHEALTH AND SAFETY AT WORK ETC ACT 1974
650 2 4 _aCONTROL OF ASBESTOS AT WORK REGULATIONS 1987
650 2 4 _aASBESTOS (PROHIBITIONS) REGULATIONS 1992
650 2 4 _aASBESTOS (PROHIBITIONS) REGULATIONS 1999
650 2 4 _aASBESTOS (PROHIBITIONS) REGULATIONS 2003
650 2 4 _aCONTROL OF ASBESTOS AT WORK REGULATIONS 2002
650 2 4 _aCONTROL OF ASBESTOS REGULATIONS 2006
651 4 _aUnited Kingdom
_y
690 _aMANAGEMENT-HEALTH AND SAFETY-HAZARDOUS SUBSTANCES-ASBESTOS
942 _n0
999 _c107980
_d107980